Formas en la granja / (Registro nro. 8858)

000 -CABECERA
campo de control de longitud fija 02544nam a2200337 u 4500
001 - NÚMERO DE CONTROL
campo de control 000063062
005 - FECHA Y HORA DE LA ÚLTIMA TRANSACCIÓN
campo de control 20200120224308.0
008 - DATOS DE LONGITUD FIJA--INFORMACIÓN GENERAL
campo de control de longitud fija 140820s2003 ck a br| 000 0 spa d
020 ## - NÚMERO INTERNACIONAL ESTÁNDAR DEL LIBRO
Número Internacional Estándar del Libro 9589734448.
041 0# - CÓDIGO DE LENGUA
Código de lengua del texto/banda sonora o título independiente spa
043 ## - CÓDIGO DE ÁREA GEOGRÁFICA
Código de área geográfica -ck----
090 ## - LOCALMENTE ASIGNADO TIPO-LC NÚMERO DE CLASIFICACIÓN (OCLC); NÚMERO DE CLASIFICACIÓN LOCAL (RLIN)
Número de clasificación (OCLC) (R) ; Numero de clasificación, CALL (RLIN) (NR) A
Número cutter local (OCLC) ; Número de libro/Signatura topográfica íntegra, CALL (RLIN) VEGGfo
100 1# - ENTRADA PRINCIPAL--NOMBRE DE PERSONA
Nombre de persona Vega Gómez, María Teresa de la
245 10 - MENCIÓN DE TÍTULO
Título Formas en la granja /
Mención de responsabilidad, etc. María Teresa de la Vega Gómez ; diseño de : Sara De Estevés.
250 ## - MENCIÓN DE EDICIÓN
Mención de edición 1a. ed.
Resto de la mención de edición reimpresión 2005
260 ## - PUBLICACIÓN, DISTRIBUCIÓN, ETC.
Lugar de publicación, distribución, etc. Bogotá :
Nombre del editor, distribuidor, etc. En tela,
Fecha de publicación, distribución, etc. 2003.
300 ## - DESCRIPCIÓN FÍSICA
Extensión [s.p.] :
Otras características físicas il., col.
490 0# - MENCIÓN DE SERIE
Mención de serie Colección Hecho a Mano
500 ## - NOTA GENERAL
Nota general Libros en Tela para niños
500 ## - NOTA GENERAL
Nota general Libros de formas para niños
520 3# - SUMARIO, ETC.
Sumario, etc. "Imaginación: Motiva la capacidad y la capacidad de abstracción compartiendo imágenes inspiradoras y adecuadas para su edad. Alegría: Siente ese vínculo inseparable entre tú y tu pequeño, que puedes recrear en cualquier espacio y lugar que se quedará en su mente para siempre. Aprendizaje: Transmítele conocimiento, habilidades, valores y buenas actitudes jugando. Enséñale el mundo de una manera lúdica y divertida. Juego : Desarrolla movimientos en actividades recreativas para el cuerpo y la mente asociando sonidos, textura, colores y formas. Diversión: Llévalo a conocer el mundo a través de la risa. Transmítele toda tu alegría compartiendo y jugando. Afecto : Crea un vínculo especial con tus hijos. Exprésale ternura y cariño. Cuéntale cuentos diseñados para generar afecto por la lectura desde la cuna. Seguridad : Dale a tu hijo un producto de calidad, seguro, pensado y elaborado para la fácil manipulación de sus pequeñas manos. Diseño: Tu hijo merece productos con altos estándares de diseño. Nuestros están destinados a proyectar, coordinar y seleccionar elementos que sean de interés par los bebés y niños a los que están dirigidos. Estimulación : Amigos inseparables que te permiten ayudar a tu hijo a desarrollarse física y emocionalmente despertando sus sentidos compartiendo juntos momentos inigualables."
650 14 - PUNTO DE ACCESO ADICIONAL DE MATERIA--TÉRMINO DE MATERIA
Término de materia o nombre geográfico como elemento de entrada Álbúm infantil colombiano
Subdivisión de forma Libros en tela
650 24 - PUNTO DE ACCESO ADICIONAL DE MATERIA--TÉRMINO DE MATERIA
Término de materia o nombre geográfico como elemento de entrada Literatura infantil
Subdivisión de forma Libros en tela.
650 24 - PUNTO DE ACCESO ADICIONAL DE MATERIA--TÉRMINO DE MATERIA
Término de materia o nombre geográfico como elemento de entrada Granja en la literatura.
Subdivisión de forma Libros en tela
650 24 - PUNTO DE ACCESO ADICIONAL DE MATERIA--TÉRMINO DE MATERIA
Término de materia o nombre geográfico como elemento de entrada Animales en la literatura
Subdivisión de forma Libros en tela
650 24 - PUNTO DE ACCESO ADICIONAL DE MATERIA--TÉRMINO DE MATERIA
Término de materia o nombre geográfico como elemento de entrada Imaginación en la literatura
Subdivisión de forma Libros en tela.
650 24 - PUNTO DE ACCESO ADICIONAL DE MATERIA--TÉRMINO DE MATERIA
Término de materia o nombre geográfico como elemento de entrada Aprendizaje en la literatura
Subdivisión de forma Libros en tela.
650 24 - PUNTO DE ACCESO ADICIONAL DE MATERIA--TÉRMINO DE MATERIA
Término de materia o nombre geográfico como elemento de entrada Diversión en la literatura
Subdivisión de forma Libros en tela
650 24 - PUNTO DE ACCESO ADICIONAL DE MATERIA--TÉRMINO DE MATERIA
Término de materia o nombre geográfico como elemento de entrada Libros y lecturas para niños
Subdivisión de forma Libros en tela.
700 1# - PUNTO DE ACCESO ADICIONAL--NOMBRE DE PERSONA
Nombre de persona Estevéz Sara, de
Existencias
Estado de retiro Estado de pérdida Fuente del sistema de clasificación o colocación Estado dañado No para préstamo Código de colección Localización permanente Ubicación/localización actual Fecha de adquisición Número de inventario Total de préstamos Signatura topográfica completa Código de barras Fecha visto por última vez Fecha del último préstamo Número de copia Precio válido a partir de Tipo de ítem Koha Nota pública
          Literatura Infantil Biblioteca Pública San Juan Bosco Biblioteca Pública San Juan Bosco 20/01/2020 NT 11 A VEGGfo MOS018358 21/07/2025 16/07/2025 ej.2 20/01/2020 Libro Literatura Quince días

© Todos los derechos reservados para la Biblioteca Pública Municipal San Juan Bosco, 2020
Secretaria de Cultura de Mosquera
Carrera 3 N° 10 Esquina Centro Cultural Barrio El Carmén Teléfono: 8270830 Ext: 34
Funcionando con KOHA
Contacto: Biblioteca Pública Municipal San Juan Bosco/ bibliotecasanjuanbosco@mosquera-cundinamarca.gov.co
Mosquera, Cundinamarca